| 000 | 00513nam a22001697a 4500 | ||
|---|---|---|---|
| 003 | UA-OsUOA | ||
| 001 | 19825 | ||
| 007 | ta | ||
| 008 | 20040928b un ||||| |||| 00| 0 ukr d | ||
| 942 | _cSA | ||
| 040 |
_aUA-OsUOA _cUA-OsUOA _dUA-OsUOA |
||
| 245 | _aНа шістнадцятій сесії [Сарнен.] районної ради | ||
| 300 | _aС.2 | ||
| 955 | _a0 | ||
| 773 | 0 |
_w0 _tСарненські новини _dСарни _d2004 _g№98/99/16 черв./ |
|
| 650 | 7 |
_aКраєзнавча робота _2UDC |
|
| 999 |
_c305998 _d305998 |
||